Hapesira e Gojes Histologjia dhe Embriologjia (Record no. 57075)
[ view plain ]
| 000 -LEADER | |
|---|---|
| fixed length control field | 00316nam a22001337a 4500 |
| 008 - FIXED-LENGTH DATA ELEMENTS--GENERAL INFORMATION | |
| fixed length control field | 210505b ||||| |||| 00| 0 eng d |
| 041 ## - LANGUAGE CODE | |
| Language code of text/sound track or separate title | eng |
| 080 ## - UNIVERSAL DECIMAL CLASSIFICATION NUMBER | |
| Universal Decimal Classification number | 611.085 |
| 082 ## - DEWEY DECIMAL CLASSIFICATION NUMBER | |
| Classification number | 611.085 |
| 100 ## - Rafti | |
| Rafti | 9 |
| 101 ## - Shkurtesa | |
| Shkurtesa | HIS |
| 245 ## - TITLE STATEMENT | |
| Title | Hapesira e Gojes Histologjia dhe Embriologjia |
| Statement of responsibility, etc | Stevan Popoviq |
| 942 ## - ADDED ENTRY ELEMENTS (KOHA) | |
| Source of classification or shelving scheme | |
| Item type | Books |
| Withdrawn status | Lost status | Source of classification or shelving scheme | Damaged status | Not for loan | Collection code | Permanent location | Current location | Shelving location | Date acquired | Total Checkouts | Full call number | Barcode | Date last seen | Price effective from | Koha item type |
|---|---|---|---|---|---|---|---|---|---|---|---|---|---|---|---|
| Koleksioni i përgjithshem | UBT - Lipjan | UBT - Lipjan | Koleksioni i përgjithshem | 05/05/2021 | 611.085 POP | 002-5000126 | 05/05/2021 | 05/05/2021 | Books | ||||||
| Koleksioni i përgjithshem | UBT - Lipjan | UBT - Lipjan | Koleksioni i përgjithshem | 05/05/2021 | 611.085 POP | 002-5000127 | 05/05/2021 | 05/05/2021 | Books | ||||||
| Koleksioni i përgjithshem | UBT - Lipjan | UBT - Lipjan | Koleksioni i përgjithshem | 05/05/2021 | 611.085 POP | 002-5000128 | 05/05/2021 | 05/05/2021 | Books |